Phân tích đánh giá đồng thời tổng hàm lượng chì và cadimi trong một số nguồn nước ngầm thuộc địa bàn thành phố Đà Nẵng bằng phương pháp Von - Ampe hòa tan xung vi phân
Tổng quan tài liệu: Khái quát về môi trường nước. Ô nhiễm môi trường nước. Nguồn gốc và dạng tồn tại của các kim loại nặng trong nước. Chì và Cadimi trong môi trường nước...Thực nghiệm.Kết quả và thảo luận.
Đã lưu trong:
| Príomhúdar: | |
|---|---|
| Údair Eile: | |
| Formáid: | Leabhar |
| Teanga: | Vietnamese |
| Foilsithe: |
Đà Nẵng
Đại học Đà Nẵng
2010
|
| Ábhair: | |
| Clibeanna: |
Cuir Clib Leis
Gan Chlibeanna, Bí ar an gcéad duine leis an taifead seo a chlibeáil!
|
| Thư viện lưu trữ: | Mạng thư viện Đại học Đà Nẵng |
|---|
| LEADER | 01394nam a2200325 4500 | ||
|---|---|---|---|
| 001 | 000012099 | ||
| 003 | 8386 | ||
| 005 | 20120215160234.0 | ||
| 008 | 120215s2010 viesd | ||
| 041 | |a vie | ||
| 072 | |a Khóa luận tốt nghiệp | ||
| 082 | |a 628.114 |b NG-G | ||
| 100 | |a Nguyễn, Thị Hoài Giang |e Tác giả | ||
| 245 | |a Phân tích đánh giá đồng thời tổng hàm lượng chì và cadimi trong một số nguồn nước ngầm thuộc địa bàn thành phố Đà Nẵng bằng phương pháp Von - Ampe hòa tan xung vi phân |c Nguyễn Thị Hoài Giang | ||
| 260 | |a Đà Nẵng |b Đại học Đà Nẵng |c 2010 | ||
| 300 | |a 48 tr. |c 29 cm | ||
| 500 | |a Khóa luận tốt nghiệp khoa Hóa. Lớp 06 CHH | ||
| 520 | |a Tổng quan tài liệu: Khái quát về môi trường nước. Ô nhiễm môi trường nước. Nguồn gốc và dạng tồn tại của các kim loại nặng trong nước. Chì và Cadimi trong môi trường nước...Thực nghiệm.Kết quả và thảo luận. | ||
| 653 | |a Chì | ||
| 653 | |a Cadimi | ||
| 653 | |a Nước ngầm | ||
| 700 | |a Lê Thị Mùi |c Th.S |e Hướng dẫn | ||
| OWN | |a LSP | ||
| 999 | |a From the UDN01 | ||
| TYP | |a Monograph | ||
| TYP | |a Printed language | ||
| 980 | |a Mạng thư viện Đại học Đà Nẵng | ||